000
00312nam a22001217a 4500
020
_a
xxxxxxxxxx
082
_a
REF 330.96780212 TAN
245
_a
Tanzania:The Economic Survey 1971-72
260
_a
Dar es Salaam
_b
Government printer
_c
1971
300
_a
v,139p
_b
ill.;23cm
500
_a
Includes index
942
_c
BK
999
_c
13471
_d
13471